Povesti o hradoch. /Zv./ 2 (Record no. 22784)
[ view plain ]
| 000 -LEADER | |
|---|---|
| fixed length control field | 01111nam a2200361 a 4500 |
| 001 - CONTROL NUMBER | |
| control field | 22784 |
| 003 - CONTROL NUMBER IDENTIFIER | |
| control field | SK-KTurca |
| 005 - DATE AND TIME OF LATEST TRANSACTION | |
| control field | 20260423132020.0 |
| 008 - FIXED-LENGTH DATA ELEMENTS--GENERAL INFORMATION | |
| fixed length control field | 250414s1991 xo slo |
| 015 ## - NATIONAL BIBLIOGRAPHY NUMBER | |
| National bibliography number | SNBA1992/01 |
| 020 ## - INTERNATIONAL STANDARD BOOK NUMBER | |
| International Standard Book Number | 8021703709 |
| Qualifying information | (zv.2.) |
| 035 ## - SYSTEM CONTROL NUMBER | |
| System control number | 95CF083B-AA96-4EEC-B56C-0FECA153946C |
| 035 ## - SYSTEM CONTROL NUMBER | |
| System control number | SNK000009573 |
| 035 ## - SYSTEM CONTROL NUMBER | |
| System control number | urn:nbn:sk:snk-am00brse |
| 035 ## - SYSTEM CONTROL NUMBER | |
| System control number | urn:nbn:sk:snk-amlmz0 |
| 040 ## - CATALOGING SOURCE | |
| Original cataloging agency | SNK |
| Language of cataloging | slo |
| Transcribing agency | SNK |
| Description conventions | AACR2 |
| 041 0# - LANGUAGE CODE | |
| Language code of text/sound track or separate title | slo |
| 044 ## - COUNTRY OF PUBLISHING/PRODUCING ENTITY CODE | |
| MARC country code | xo |
| ISO country code | SK |
| 080 ## - UNIVERSAL DECIMAL CLASSIFICATION NUMBER | |
| Universal Decimal Classification number | 398.2(=854) |
| Edition identifier | 1981 |
| 080 ## - UNIVERSAL DECIMAL CLASSIFICATION NUMBER | |
| Universal Decimal Classification number | 885.4-3 |
| Edition identifier | 1981 |
| 100 1# - MAIN ENTRY--PERSONAL NAME | |
| Personal name | Domasta, Ján, |
| Dates associated with a name | 1909-1989 |
| Relationship | aut |
| 245 10 - TITLE STATEMENT | |
| Title | Povesti o hradoch. /Zv./ 2 |
| Statement of responsibility, etc. | Ján Domasta ; Ivan Riabič |
| 250 ## - EDITION STATEMENT | |
| Edition statement | 3. rozš. vyd. |
| 260 ## - PUBLICATION, DISTRIBUTION, ETC. | |
| Place of publication, distribution, etc. | Martin |
| Name of publisher, distributor, etc. | Osveta |
| Date of publication, distribution, etc. | 1991 |
| Place of manufacture | Martin/ |
| Manufacturer | /Neografia |
| 300 ## - PHYSICAL DESCRIPTION | |
| Extent | 351 s. |
| Dimensions | 29 cm |
| 500 ## - GENERAL NOTE | |
| General note | Ilustr. na tit. liste a front. ISBN 80-217-0368-7(súbor). |
| 655 #7 - INDEX TERM--GENRE/FORM | |
| Genre/form data or focus term | slovenské povesti |
| Source of term | SNKPH |
| 655 #7 - INDEX TERM--GENRE/FORM | |
| Genre/form data or focus term | literárne adaptácie |
| Source of term | SNKPH |
| 700 1# - ADDED ENTRY--PERSONAL NAME | |
| Personal name | Riabič, Ivan, |
| Dates associated with a name | 1952- |
| Relationship | ill |
| 942 ## - ADDED ENTRY ELEMENTS (KOHA) | |
| Source of classification or shelving scheme | Dewey Decimal Classification |
| Koha item type | Krásna literatúra pre deti |
| Suppress in OPAC | No |
| Stav vyradenia | Strata | Poškodenie | Spôsob nadobudnutia | Domovská knižnica | Aktuálna knižnica | Dátum nadobudnutia | Total checkouts | Čiarový kód exemplára | Date last seen | Typ exemplára |
|---|---|---|---|---|---|---|---|---|---|---|
| Dar | Obecná knižnica Belá-Dulice | Obecná knižnica Belá-Dulice | 23.04.2026 | 4735903417 | 23.04.2026 | Krásna literatúra pre deti |
